<?xml version="1.0" encoding="UTF-8"?><?xml-stylesheet type="text/xsl" href="static/style.xsl"?><OAI-PMH xmlns="http://www.openarchives.org/OAI/2.0/" xmlns:xsi="http://www.w3.org/2001/XMLSchema-instance" xsi:schemaLocation="http://www.openarchives.org/OAI/2.0/ http://www.openarchives.org/OAI/2.0/OAI-PMH.xsd"><responseDate>2026-06-05T14:21:25Z</responseDate><request verb="GetRecord" identifier="oai:riuma.uma.es:10630/37518" metadataPrefix="marc">https://riuma.uma.es/rest/oai/request</request><GetRecord><record><header><identifier>oai:riuma.uma.es:10630/37518</identifier><datestamp>2026-02-03T11:53:13Z</datestamp><setSpec>com_10630_2254</setSpec><setSpec>col_10630_37959</setSpec></header><metadata><record xmlns="http://www.loc.gov/MARC21/slim" xmlns:dcterms="http://purl.org/dc/terms/" xmlns:doc="http://www.lyncode.com/xoai" xmlns:xsi="http://www.w3.org/2001/XMLSchema-instance" xsi:schemaLocation="http://www.loc.gov/MARC21/slim http://www.loc.gov/standards/marcxml/schema/MARC21slim.xsd">
   <leader>00925njm 22002777a 4500</leader>
   <datafield ind2=" " ind1=" " tag="042">
      <subfield code="a">dc</subfield>
   </datafield>
   <datafield ind2=" " ind1=" " tag="720">
      <subfield code="a">Jiménez-Navarro, Juan-Pablo</subfield>
      <subfield code="e">author</subfield>
   </datafield>
   <datafield ind2=" " ind1=" " tag="720">
      <subfield code="a">Kavvadias, Konstantinos</subfield>
      <subfield code="e">author</subfield>
   </datafield>
   <datafield ind2=" " ind1=" " tag="720">
      <subfield code="a">Quoilin, Sylvain</subfield>
      <subfield code="e">author</subfield>
   </datafield>
   <datafield ind2=" " ind1=" " tag="260">
      <subfield code="c">2017-03-14</subfield>
   </datafield>
   <datafield ind2=" " ind1=" " tag="520">
      <subfield code="a">Solar home battery systems are becoming popular to final consumers driven by substantial price reduction. The use of batteries couples solar energy generation and demand patterns increasing the use of the installation and the self-consumption rates. However, the feasibility of batteries is still under discussion especially when referring to reliability along its lifetime. In this sense and to guarantee positive revenues to end-users, long-term battery models should be investigated. To this end, this study presents a simplified battery ageing model to assess the impact of battery degradation in a comprehensive solar home battery system. This work demonstrates that, if battery ageing mechanisms are considered, revenues derived from the installation decrease by half. In addition, feasible unitary battery price cost is limited up to EUR 400/kWh.</subfield>
   </datafield>
   <datafield ind1="8" ind2=" " tag="024">
      <subfield code="a">https://hdl.handle.net/10630/37518</subfield>
   </datafield>
   <datafield tag="653" ind2=" " ind1=" ">
      <subfield code="a">Células solares - Congresos</subfield>
   </datafield>
   <datafield ind2="0" ind1="0" tag="245">
      <subfield code="a">Optimal Home Battery Sizing and Dispatch in EU Countries Taking Into Account Battery Degradation and Self-Consumption Incentives</subfield>
   </datafield>
</record>
</metadata></record></GetRecord></OAI-PMH>